00354 2200133 4500001002100000005001500021035002400036090002000060245006200080250000600142260003300148300002700181990001200208YOGYA00000000007886220140823094844 0010-081400000078579 aDEP 628.1 Tri U aUnit Produksi dalam Sistem Penyediaan Air MinumcTri Joko a1 aYogyakartabGraha Ilmuc2010 axviii, 378 hlm.b23 cm a2010-45